License plates of the world - Statistics

General Stats
  • This quiz has been taken 1,734 times
  • The average score is 15 of 22
Answer Stats
Picture Answer % Correct
Canada
95%
USA
95%
Netherlands
93%
Russia
89%
Japan
87%
Georgia
86%
Germany
85%
Sweden
83%
United Kingdom
81%
Belgium
80%
China
80%
Israel
80%
Italy
79%
Australia
75%
Mongolia
66%
Mexico
63%
Afghanistan
57%
South Africa
45%
Laos
39%
Namibia
9%
Moldovo
8%
Botswana
7%
No matching quizzes found
Score Distribution
Percent of People with Each Score
Percentile by Number Answered
Your Score History
You have not taken this quiz